000
00308nam a2200121Ia 4500
008
180130s9999||||xx |||||||||||||| ||und||
020
_c
NT400
_a
978-986-7690-98-2
100
_a
簡茂樁
245
0
_c
簡茂樁
_a
課題達成型 QC STORY
250
_a
初版
260
_c
2015.11
_a
台北市
300
_c
cm.
_a
p.
942
_2
ccl
_c
BOOK
999
_c
802
_d
802